000 01005nam a2200289Ia 4500
001 Z_2347
003 CHAP
008 220113s1994 xx 000 0 und d
010 _a165404
040 _cCHAP
090 _aTesis B 857
100 _aBallesteros Pérez, Alejandra Margarita
_99730
245 _aInclusión de lotus (Lotus corniculatus L.) en la asociación alfalfa (Medicago sativa L.) Orchard (Dactylis glomerata L.) para el control de timpanismo /
_cpor Alejandra Margarita Ballesteros Pérez y María de las Mercedes Flores Paredes
260 _aChapingo, Méx. :
_bEl autor,
_c1994
300 _a98 h.
502 _aTesis (Ing. Agr. Esp. en Zootecnia) -- UACH. Departamento de Zootecnia
650 _aAlfalfa
_xEspaciamiento
_93864
650 _aDactylis glomerata
_930865
650 _aLotus corniculatus
700 _aFlores Paredes, María de las Mercedes
_941675
901 _aTESIS B 857
902 _aM
910 _a1994
942 _c2
942 _c2
999 _c165404
_d165404